000 01701cam a22004694i 4500
003 PE-LiUPU
005 20250731173456.0
008 150616s1960 sp r 000 0 eng d
020 _a0917006259
035 _a(Sirsi) i9780917006258
040 _aPE-LiUPU
_bspa
_cPE-LiUPU
_erda
049 _aPRUA
082 0 4 _a223.207
_bS77
_221
100 1 _aSpurgeon, Charles H.,
_eautor.
245 1 4 _aThe Treasury of David /
_cCharles H. Spurgeon.
264 1 _aMassachusetts :
_bHendrickson Publishers,
_c1963.
300 _a470 páginas ;
_c23 centímetros
336 _atext
_2rdacontent
337 _aunmediated
_2rdamedia
338 _avolume
_2rdacarrier
500 _aTomo 1. - Psalms 1-26 & 27-57. Tomo 2. - Psalm 58-87 & 88-110. Tomo 3. - Psalms 111-119 & 120-150.
505 0 _aEstudio de los Salmos
526 _aSEG42
526 _aSEG41
526 _aSEG40
526 _aSEG39
526 _aP94
526 _aP87
526 _aP86
526 _aP85
526 _aP77
526 _aP76
526 _aP35
630 _aBiblia.
_pA.T.
_pSalmos
_xEstudio y enseñanza.
910 _ajck
942 _2ddc
_cBOOK
949 _a223.207 S77 1
_wDEWEY
_c1
_i39977
_d2015-9-1
_e2015-8-31
_lCCODEBUL1
_mBUL
_n1
_r0
_sY
_tBOOK
_u2015-6-16
_xTEOLOGIA
_zUNKNOWN
_0COMPRA
_o.STAFF. Colección Teología
949 _a223.207 S77 2
_wDEWEY
_c1
_i39976
_lCCODEBUL1
_mBUL
_r0
_sY
_tBOOK
_u2015-6-16
_xTEOLOGIA
_zUNKNOWN
_0COMPRA
_o.STAFF. Colección Teología
949 _a223.207 S77 3
_wDEWEY
_c1
_i39978
_lCCODEBUL1
_mBUL
_r0
_sY
_tBOOK
_u2015-6-16
_xTEOLOGIA
_zUNKNOWN
_0COMPRA
_o.STAFF. Colección Teología
980 _81
_gALBERTO SANCHEZ Responsable de Automatización
999 _c57755
_d57755